| 000 | 00447nam a2200181 a 4500 | ||
|---|---|---|---|
| 001 | 1162 | ||
| 005 | 20140414131912.0 | ||
| 008 | 041105s19uu xx 00 eng d | ||
| 020 | _a0-307-10170-3 | ||
| 050 |
_aER _bD89 1988 |
||
| 245 | _aDumbo's book of colors. | ||
| 260 |
_aNew York : _bA Golden Book, _c1988. |
||
| 300 | _ap. ; cm. | ||
| 650 |
_aElephants _xfiction. |
||
| 650 | _aChildren stories. | ||
| 999 |
_c111244 _d111244 |
||